Autism Awareness Month #1 - Statistics

General Stats
  • This quiz has been taken 33 times
  • The average score is 6 of 8
Answer Stats
Question Answer % Correct
Autism comes in only one form False
97%
Autism can affect not only the way one socializes, but also physical attributes such as movement and motor skills. True
93%
Autism is always passed down genetically False
83%
Prior to the 1980s, Autism was believed to be caused by maternal coldness and mothers were recommended to send their children to institutions to keep them out of the public eye. True
83%
Elon Musk has Autism. True
83%
People with Autism eligible to join the U.S military True
73%
Asperger's is still an appropriate diagnosis today. False
53%
Leo Kanner, the person who first diagnosed Autism, initially called it Asperger's - a term now used to describe mild Autism False
33%
No matching quizzes found
Score Distribution
Percent of People with Each Score
Percentile by Number Answered
Your Score History
You have not taken this quiz